| 000 | 00613nam a2200181Ia 4500 | ||
|---|---|---|---|
| 008 | 180921t2000 xxu||||| |||| 00| 0 sin d | ||
| 041 | _asin | ||
| 080 |
_a581.47 _bSAM |
||
| 100 | _aKumara J.Priyadarshana Saman | ||
| 245 | _aහෙට කප් රුක: කොස් ආශ්රිත ආහාර සැකසිමෙි ක්රම | ||
| 246 | _aHeta kap ruka :Kos ashhritha ahaara saekasime krama | ||
| 260 |
_bSrilanka canada development fund _c2000 |
||
| 300 | _a54p., ill., 21*18 cm | ||
| 650 |
_aJak _aCookery |
||
| 942 | _cBK | ||
| 999 |
_c13640 _d13640 |
||
| 003 | LK-CoDNM | ||
| 040 |
_aLK-CoDNM _dLK-CoDNM _eLK-CoDNM |
||